Statistics for Fairly Odd Parents Theme Song Lyrics

Click here to take the quiz!

General Stats

  • This quiz has been taken 379 times
  • The average score is 10 of 14

Answer Stats

LineAnswer% Correct
'Cause all his magic little fish will grant his every ____wish
94%
'Cause in reality,they are his ___ _______ | Fairly ___ ______ | ___ _______,Fairly ___ _______odd parents
94%
Mom,and Dad,and _____ always givin' him commandsVicky
91%
That no one __________Understands
90%
Timmy is an ____ ___Average Kid
88%
Odd parents,______ odd parentsFairly
88%
Giant Snake,Birthday Cake,Large Fries,_________ ShakeChocolate
83%
Wands and wings,little ______ thingscrowny
58%
Really rod,pea pod,buff mod,___ ___hot rod
32%
Obtuse,rubber goose,green moose,_____ _____guava juice
31%
It flips your ___ when you're a kid with fairly odd parentslid
30%
The doom and gloom up in his room ___ ___ instantlyis broken
13%

Score Distribution

Percentile by Number Answered

Percent of People with Each Score

Your Score History

You have not taken this quiz